| 000 | 00367nam a22001217a 4500 | ||
|---|---|---|---|
| 999 |
_c9400 _d9400 |
||
| 003 | OSt | ||
| 008 | 201203b ||||| |||| 00| 0 eng d | ||
| 245 | _aAsian Textile Journal | ||
| 250 | _a2016( Jan Vol.25 No.1, Mar Vol.25 No.3, Apr Vol.25 No.4, May Vol.25 No.5 ) | ||
| 260 |
_aMumbai _bSB Dyesprings [INDIA] Pvt. Ltd. |
||
| 650 | _aTextile Engineering | ||
| 942 |
_2ddc _cBV |
||